Stylistics : (Record no. 10528)

MARC details
000 -LEADER
fixed length control field 00613cam a2200217ua 4500
001 - CONTROL NUMBER
control field 11737
005 - DATE AND TIME OF LATEST TRANSACTION
control field 20260515114807.0
008 - FIXED-LENGTH DATA ELEMENTS--GENERAL INFORMATION
fixed length control field 191031n ii |||gr||||Z||||||eng
020 ## - INTERNATIONAL STANDARD BOOK NUMBER
International Standard Book Number 9789387945043
040 ## - CATALOGING SOURCE
Transcribing agency MAIN
082 ## - DEWEY DECIMAL CLASSIFICATION NUMBER
Classification number 808
100 ## - MAIN ENTRY--PERSONAL NAME
Personal name Susanta Kumar Bardhan . ,
Relator term Author.
245 ## - TITLE STATEMENT
Title Stylistics :
Remainder of title theory and practice /
Statement of responsibility, etc. By Susanta Kumar Bardhan .
250 ## - EDITION STATEMENT
Edition statement 1st ed.
260 ## - PUBLICATION, DISTRIBUTION, ETC.
Place of publication, distribution, etc. Jaipur:
Name of publisher, distributor, etc. Yking books,
Date of publication, distribution, etc. 2018.
300 ## - PHYSICAL DESCRIPTION
Extent 192p.
653 ## - INDEX TERM--UNCONTROLLED
Uncontrolled term Rhetoric & collections of literature
653 ## - INDEX TERM--UNCONTROLLED
Uncontrolled term Language and linguistics studies
700 ## - ADDED ENTRY--PERSONAL NAME
Personal name Prashant Mishra,
Relator term Author.
942 ## - ADDED ENTRY ELEMENTS (KOHA)
Koha item type Books
Holdings
Withdrawn status Lost status Damaged status Not for loan Home library Current library Shelving location Date acquired Total checkouts Full call number Barcode Date last seen Copy number Price effective from Koha item type
        Naharkatiya College Library Naharkatiya College Library General stacks 09/19/2020   808 | BAR 26936 09/19/2020 1 09/19/2020 Books